| 000 | 00593nam a22002297a 4500 | ||
|---|---|---|---|
| 003 | OSt | ||
| 005 | 20140310181945.0 | ||
| 008 | 130725t xxu||||| |||| 00| 0 eng d | ||
| 020 | _a9780553269222 | ||
| 020 | _a0770421857 | ||
| 050 |
_aPR 9199.3 _b.M787 1992, 1998 |
||
| 082 |
_aCLA M76r _b1973 |
||
| 100 |
_aMontgomery, L.M. _93066 |
||
| 245 |
_aRilla of ingleside / _cL.M. Montgomery. |
||
| 260 |
_aToronto : _bSeal Books, _cc1992. |
||
| 300 |
_a277 p.; _c19 cm. |
||
| 541 | _j1 | ||
| 541 | _j1 | ||
| 562 | _e2 | ||
| 650 |
_aFiction _9746 |
||
| 942 |
_2lcc _cBBK _kCLA |
||
| 999 |
_c7756 _d7756 |
||